00578nam a2200169Ia 450000100060000000800390000608200130004510000300005824500780008825000170016626000290018330000170021265300090022994200120023895201410025099900170039156777130710n ii |||gr||||Z||||||465 a891.4108 aPathak, Ramesh,eEditor., 0aSahitya Saurabh :bFor H.S.2nd Year /cRamesh Pathak .hTextual Documents aIst ed-2011. aAssambN.L. Publications a133p:c22cm. aG-As 2ddccBK 001040708General aSKBLbSKBLcG-Asd2013-07-10f00000g38.00l0o891.4108 Pa 273 Sap5941/Asr2024-01-14 00:00:00t1w2013-07-10yBK c56699d56699